LEADER 01153nam a2200265 i 4500 001 000000159757 003 CaOOAMICUS 005 20070310000000.0 008 070310s2006 it u000 u ita u 013 $a137120 020 $a978-88-8137-228-2 040 $aSeMil$bita 100 1 $aHénaff, Marcel,$d<1942- >.$0(OLS)http://semarc/name/41976 240 13$aLe prix de la vérité : le don, l'argent, la philosophie.$0(OLS)http://semarc/title/141973 245 13$aIl prezzo della verità :$bil dono, il denaro, la filosofia /$cMarcel Hénaff. 260 $aTroina (EN) :$bCittà Aperta,$c2006. 300 $a583 p. ;$c21 cm. 500 $aContiene : Bibliografia. 650 4$aVerità - Filosofia.$0(OLS)http://semarc/subject/3000 850 $aSeMil 852 $aSeMil$W1$xVenegono$y1$m944 3 34 *$j111287$B111287$CSeMilBibl$Z2$F121013 $81 961 $aAcquisto: Àncora (Libreria) 996 $6020$a978-88-8137-228-2$9(OLS)http://semarc/number/75404 996 $6245$aIl prezzo della verità :$bil dono, il denaro, la filosofia$9(OLS)http://semarc/title/141972 996 $6260$aTroina (EN) :$bCittà Aperta$9(OLS)http://semarc/publisher/34928 LEADER 01048nam a2200241 i 4500 001 000000080568 003 CaOOAMICUS 005 20170719000000.0 008 170719s2005 xx u000 u eng u 013 $a52806 020 $a3-7913-3434-9 040 $aSeMil$bita 100 1 $aLee, Jonathan.$0(OLS)http://semarc/name/91451 245 10$a50 Great adventures :$bextraordinary places and the people who built them /$cJonathan Lee. 260 $aMunich ; Berlin ; London ; New York :$bPrestel,$c2005. 300 $a192 p. :$bill. ;$c27 cm. 650 4$aViaggi.$0(OLS)http://semarc/subject/2706 850 $aSeMil 852 $aSeMil$W1$xVenegono$y1$m5F IX 76$j46014$B46014$CSeMilBibl$Z2$F48165 $81 961 $aOmaggio: Jonghi Lavarini, Giuseppe Maria 996 $6020$a3-7913-3434-9$9(OLS)http://semarc/number/270802 996 $6245$a50 Great adventures :$bextraordinary places and the people who built them$9(OLS)http://semarc/title/403998 996 $6260$aMunich ; Berlin ; London ; New York :$bPrestel$9(OLS)http://semarc/publisher/56532